000 00435nam a2200157 i 4500
001 31050
003 ES-MaACL
005 20230906154311.0
007 t|
008 030128s1931 fr ||||1| fre d
100 1 _aBatuecas, Tomás.
_926494
245 1 0 _aRevisión de la masse du litre du gaz protoseyde d'zaote /
_cTomás Batuecas.
260 _a[S.l. :
_bs.n.],
_c1931.
300 _a3 p. ;
_c24 cm.
852 _aES-MaACL
_j1748-F-26
999 _c31050
_d31050